[Event "18th 4NCL Congress"]
[Site "Doncaster"]
[Date "2018.04.13"]
[Round "1"]
[Board "2"]
[White "Potter, Steven"]
[Black "Burrows, Nick"]
[Result "0-1"]
[WhiteElo "1809"]
[BlackElo "1932"]
[PlyCount "76"]
[EventDate "2018.04.13"]
[EventRounds "5"]
[EventCountry "ENG"]

1. d4 d5 2. Bg5 Nf6 3. Bxf6 exf6 4. e3 Bd6 5. Bd3 O-O 6. Nd2 Be6 7. Ngf3 Nd7 8.
O-O c6 9. a3 f5 10. c4 Nf6 11. c5 Bc7 12. b4 a6 13. a4 Ne4 14. g3 g5 15. Qc2
Qf6 16. b5 axb5 17. axb5 Rxa1 18. Rxa1 Bc8 19. b6 Bb8 20. Ra8 Be6 21. Nb3 f4
22. exf4 gxf4 23. Nh4 Kg7 24. Bxe4 dxe4 25. Nd2 fxg3 26. fxg3 Bxg3 27. hxg3
Qxd4+ 28. Kg2 Rxa8 29. Nb3 Qd5 30. Qc3+ f6 31. Nd4 e3+ 32. Kg1 Bg4 33. Ng2 e2
34. Qe3 Qe5 35. Qd2 Ra1+ 36. Kh2 e1=Q 37. Nxe1 Rxe1 38. Ne6+ Bxe6 0-1

[Event "18th 4NCL Congress"]
[Site "Doncaster"]
[Date "2018.04.13"]
[Round "1"]
[Board "3"]
[White "Whitehead, Mark A"]
[Black "Bowman, Richard L"]
[Result "1/2-1/2"]
[WhiteElo "1898"]
[BlackElo "1802"]
[PlyCount "49"]
[EventDate "2018.04.13"]
[EventRounds "5"]
[EventCountry "ENG"]

1. e4 d6 2. Nf3 Nd7 3. Nc3 e5 4. d4 h6 5. Be2 Ngf6 6. O-O c6 7. a4 a5 8. h3 g5
9. dxe5 dxe5 10. Nh2 Qc7 11. Be3 Be7 12. Ng4 Nf8 13. Nxf6+ Bxf6 14. Bg4 Ng6 15.
Qf3 Qe7 16. Bxc8 Rxc8 17. Bc5 Qe6 18. Qf5 Nf4 19. Rad1 Be7 20. Be3 Rd8 21. Bxf4
Qxf5 22. exf5 gxf4 23. Ne4 f6 24. Rxd8+ Kxd8 25. Rd1+ 1/2-1/2

[Event "18th 4NCL Congress"]
[Site "Doncaster"]
[Date "2018.04.13"]
[Round "1"]
[Board "4"]
[White "Taylor, Robert P"]
[Black "Bielby, Paul R"]
[Result "0-1"]
[WhiteElo "1787"]
[BlackElo "1890"]
[PlyCount "60"]
[EventDate "2018.04.13"]
[EventRounds "5"]
[EventCountry "ENG"]

1. d4 Nf6 2. Bg5 d5 3. e3 e6 4. Bd3 c5 5. c3 Nc6 6. Nf3 Be7 7. Nbd2 cxd4 8.
exd4 h6 9. Bh4 Bd7 10. Qe2 g5 11. Bg3 Nh5 12. Ne5 Nxg3 13. hxg3 Nxe5 14. dxe5
Qb6 15. Nf3 O-O-O 16. a4 a5 17. Nd4 f5 18. Nb5 Kb8 19. O-O h5 20. b4 h4 21. g4
h3 22. Nd4 hxg2 23. Kxg2 fxg4 24. bxa5 Qxa5 25. Rfb1 Qxc3 26. Nb5 Qa5 27. Nd4
Bc5 28. Ba6 Bxd4 29. Rxb7+ Ka8 30. Rc1 Bc8 0-1

[Event "18th 4NCL Congress"]
[Site "Doncaster"]
[Date "2018.04.13"]
[Round "1"]
[Board "5"]
[White "Ashcroft, Graham J"]
[Black "May, Paul"]
[Result "1-0"]
[WhiteElo "1885"]
[BlackElo "1766"]
[PlyCount "96"]
[EventDate "2018.04.13"]
[EventRounds "5"]
[EventCountry "ENG"]

1. c4 g6 2. g3 Bg7 3. Bg2 e5 4. e4 d6 5. Nc3 Nc6 6. Nge2 Nh6 7. O-O f5 8. d3
Nf7 9. Be3 g5 10. exf5 Bxf5 11. d4 O-O 12. Qd2 exd4 13. Nxd4 Nxd4 14. Bxd4 c6
15. Bxg7 Kxg7 16. Rad1 Re8 17. Rfe1 Qf6 18. b3 Rad8 19. Ne4 Bxe4 20. Bxe4 Ne5
21. Re3 g4 22. Qe2 Rf8 23. Kg2 Qh6 24. f4 gxf3+ 25. Bxf3 Nxf3 26. Rxf3 Rxf3 27.
Qxf3 Qf6 28. Rd2 Rf8 29. Qxf6+ Rxf6 30. g4 Kg6 31. Re2 Kf7 32. h4 d5 33. cxd5
cxd5 34. Kg3 Re6 35. Rxe6 Kxe6 36. Kf4 h6 37. g5 hxg5+ 38. hxg5 d4 39. Ke4 d3
40. Kxd3 Kf5 41. Kd4 Kxg5 42. Kd5 Kf5 43. Kd6 Ke4 44. Kc7 b5 45. Kc6 a6 46. Kb6
Kd4 47. Kxa6 Kc5 48. Ka5 Kc6 1-0

[Event "18th 4NCL Congress"]
[Site "Doncaster"]
[Date "2018.04.13"]
[Round "1"]
[Board "6"]
[White "Desmedt, Richard E"]
[Black "Pink, Joshua"]
[Result "0-1"]
[WhiteElo "1752"]
[BlackElo "1881"]
[PlyCount "148"]
[EventDate "2018.04.13"]
[EventRounds "5"]
[EventCountry "ENG"]

1. d4 Nf6 2. Nd2 e6 3. e3 b6 4. Ngf3 Bb7 5. Bd3 c5 6. c3 d6 7. O-O Nbd7 8. Re1
Be7 9. e4 Qc7 10. Qe2 cxd4 11. cxd4 Rc8 12. Nf1 d5 13. e5 Ne4 14. Ng3 Nxg3 15.
hxg3 Nf8 16. Bb5+ Bc6 17. Bd2 Bxb5 18. Qxb5+ Qd7 19. Qa6 Ng6 20. Rac1 O-O 21.
a3 Rfe8 22. b4 b5 23. Rxc8 Rxc8 24. Rc1 Rxc1+ 25. Bxc1 Bd8 26. Be3 Bb6 27. Nd2
Ne7 28. Nb3 Qc6 29. Nc5 Bxc5 30. Qxc6 Nxc6 31. bxc5 a5 32. Kf1 f6 33. exf6 gxf6
34. Ke2 Kf7 35. Kd3 e5 36. f4 e4+ 37. Kc3 f5 38. Kd2 Ke6 39. Ke2 h5 40. Kd2 Kd7
41. Kc3 Ne7 42. Kb3 Kc6 43. Bd2 a4+ 44. Kc2 Ng8 45. Kd1 Nf6 46. Ke2 Ng4 47. Bc3
Kb7 48. Be1 Ka6 49. Bc3 Nh6 50. Ke3 Nf7 51. Bb4 Nd8 52. Bc3 Nc6 53. Kd2 Na5 54.
Bb4 Nc4+ 55. Ke2 Kb7 56. Kf2 Kc6 57. Ke2 Nb2 58. Ke3 Nd3 59. Bc3 b4 60. axb4 a3
61. Kd2 a2 62. Kc2 Nxb4+ 63. Kb2 Nd3+ 64. Kxa2 e3 65. Kb1 e2 66. Kc2 e1=Q 67.
Bxe1 Nxe1+ 68. Kd2 Nxg2 69. Ke2 h4 70. gxh4 Nxh4 71. Ke3 Ng6 72. Kf3 Nf8 73.
Ke2 Ne6 74. Ke3 Kb5 0-1

[Event "18th 4NCL Congress"]
[Site "Doncaster"]
[Date "2018.04.13"]
[Round "1"]
[Board "7"]
[White "Bagley, Andy J"]
[Black "Clarke, Paul Rh"]
[Result "0-1"]
[WhiteElo "1877"]
[BlackElo "1731"]
[PlyCount "142"]
[EventDate "2018.04.13"]
[EventRounds "5"]
[EventCountry "ENG"]

1. d4 d5 2. c4 e6 3. Nc3 Nf6 4. cxd5 exd5 5. Bg5 Be7 6. Qc2 Nbd7 7. e3 c6 8.
Bd3 h6 9. Bh4 Nh5 10. Bxe7 Qxe7 11. Nge2 Nb6 12. O-O-O Be6 13. h3 O-O 14. g4
Nf6 15. Rdg1 Nfd7 16. f4 f6 17. h4 Rac8 18. g5 h5 19. Ng3 Bg4 20. Re1 c5 21.
Bh7+ Kh8 22. Bg6 cxd4 23. exd4 Qb4 24. Bxh5 Bxh5 25. Nxh5 Na4 26. Rh3 Qxd4 27.
Rd3 Qb6 28. Qxa4 Nc5 29. Qd4 Nxd3+ 30. Qxd3 d4 31. Qg6 Qc7 32. gxf6 gxf6 33.
Nxf6 Qxf4+ 34. Kb1 Rxf6 35. Qh5+ Qh6 36. Re8+ Rxe8 37. Qxe8+ Rf8 38. Qe5+ Qf6
39. Qh5+ Kg7 40. Qg4+ Kh6 41. Qg5+ Qxg5 42. hxg5+ Kxg5 43. Nb5 d3 44. Kc1 Kf4
45. Kd2 Ke4 46. Nd6+ Kd5 47. Nxb7 Rf2+ 48. Kxd3 Rxb2 49. Na5 Rxa2 50. Nb3 a5
51. Kc3 a4 52. Nc1 Rh2 53. Kb4 Rh4+ 54. Ka3 Kc6 55. Ne2 Kb5 56. Nc3+ Ka5 57.
Na2 Rh3+ 58. Kb2 a3+ 59. Kc2 Kb5 60. Nc3+ Kc4 61. Na2 Rh2+ 62. Kb1 Rb2+ 63. Ka1
Rh2 64. Kb1 Kb3 65. Nc1+ Ka4 66. Na2 Rh1+ 67. Kc2 Ra1 68. Nc1 Kb4 69. Nd3+ Kc4
70. Nc1 a2 71. Kb2 Rb1+ 0-1

[Event "18th 4NCL Congress"]
[Site "Doncaster"]
[Date "2018.04.13"]
[Round "1"]
[Board "8"]
[White "Catt, Peter"]
[Black "Riding, Mick D"]
[Result "1/2-1/2"]
[WhiteElo "1710"]
[BlackElo "1866"]
[PlyCount "63"]
[EventDate "2018.04.13"]
[EventRounds "5"]
[EventCountry "ENG"]

1. e4 c5 2. Nf3 g6 3. d4 cxd4 4. Nxd4 Nc6 5. Nc3 Bg7 6. Be3 Nf6 7. f3 O-O 8.
Bc4 d5 9. Nxd5 Nxd5 10. exd5 Nb4 11. Qd2 Nxd5 12. Bxd5 Qxd5 13. c3 Rd8 14. O-O
e5 15. Nb3 Qxd2 16. Nxd2 Rd3 17. Rfe1 Be6 18. Ne4 b6 19. Nf2 Rd7 20. Red1 Rad8
21. Rxd7 Rxd7 22. b3 f5 23. Rd1 Rxd1+ 24. Nxd1 f4 25. Bd2 Bf5 26. Nf2 Bb1 27.
a3 Kf7 28. Ne4 h6 29. Nd6+ Ke6 30. Nc8 Bf8 31. b4 Kd5 32. Nxa7 1/2-1/2

[Event "18th 4NCL Congress"]
[Site "Doncaster"]
[Date "2018.04.13"]
[Round "1"]
[Board "9"]
[White "Robinson, Brian"]
[Black "Heald, Carl"]
[Result "0-1"]
[WhiteElo "1597"]
[BlackElo "1833"]
[PlyCount "74"]
[EventDate "2018.04.13"]
[EventRounds "5"]
[EventCountry "ENG"]

1. d4 Nf6 2. Nf3 g6 3. e3 Bg7 4. Be2 O-O 5. O-O d5 6. Nbd2 b6 7. b4 c5 8. bxc5
bxc5 9. Bb2 Nc6 10. dxc5 Rb8 11. Rb1 Qc7 12. Nd4 Nd7 13. Nxc6 Qxc6 14. Bxg7
Rxb1 15. Qxb1 Kxg7 16. c4 Nxc5 17. cxd5 Qxd5 18. Qb2+ Kg8 19. Bf3 Qd3 20. Rd1
Na4 21. Qb3 Qa6 22. Qc4 Nb6 23. Qxa6 Bxa6 24. Nb3 Rc8 25. Rc1 Bc4 26. Rc2 e5
27. Be2 Bxe2 28. Rxe2 a5 29. Kf1 a4 30. Nd2 Rc1+ 31. Re1 Rc2 32. Rb1 Nd5 33.
Ke1 Nc3 34. Ra1 f6 35. a3 Kf7 36. Nb1 Rc1+ 37. Kd2 Rxb1 0-1

[Event "18th 4NCL Congress"]
[Site "Doncaster"]
[Date "2018.04.13"]
[Round "1"]
[Board "10"]
[White "Cawston, M John"]
[Black "Mahoney, Nicholas"]
[Result "1-0"]
[WhiteElo "1864"]
[BlackElo "1707"]
[PlyCount "119"]
[EventDate "2018.04.13"]
[EventRounds "5"]
[EventCountry "ENG"]

1. e4 e5 2. Nf3 Nc6 3. Bb5 a6 4. Ba4 Nf6 5. O-O Be7 6. Qe2 b5 7. Bb3 O-O 8. Rd1
d6 9. h3 Na5 10. d4 exd4 11. Nxd4 c5 12. e5 c4 13. exf6 Bxf6 14. Nc3 Bb7 15.
Nf5 Bxc3 16. bxc3 d5 17. Qg4 g6 18. Nh6+ Kg7 19. Qd4+ Qf6 20. Qxf6+ Kxf6 21.
Ng4+ Ke6 22. Re1+ Kd7 23. Nf6+ Kc8 24. Bf4 Bc6 25. Re7 Kd8 26. Rae1 Rc8 27. Bd6
Rh8 28. R1e5 Nb7 29. Ba3 Rc7 30. Rxc7 Kxc7 31. Re7+ Kc8 32. Rxf7 Nd8 33. Rxh7
Rxh7 34. Nxh7 Ne6 35. Bd6 d4 36. cxd4 cxb3 37. cxb3 Nxd4 38. Nf6 Ne2+ 39. Kf1
Nc1 40. h4 Nxa2 41. g4 Nc3 42. b4 Ne4 43. Nxe4 Bxe4 44. Ke2 Kd7 45. Bf8 Ke6 46.
Ke3 Bb1 47. Kd4 Kd7 48. Ke5 Bc2 49. Kf6 Kc6 50. h5 gxh5 51. gxh5 Kd5 52. f4 Ke4
53. Kg5 Bb3 54. h6 Bg8 55. f5 Bh7 56. f6 Ke5 57. Be7 Ke6 58. Kf4 Bg6 59. Ke3
Ke5 60. h7 1-0

[Event "18th 4NCL Congress"]
[Site "Doncaster"]
[Date "2018.04.13"]
[Round "1"]
[Board "11"]
[White "Walshaw, David"]
[Black "Wilson, Kevin J"]
[Result "1-0"]
[WhiteElo "1685"]
[BlackElo "1848"]
[PlyCount "145"]
[EventDate "2018.04.13"]
[EventRounds "5"]
[EventCountry "ENG"]

1. e4 c6 2. d4 d5 3. exd5 cxd5 4. Bd3 Nc6 5. c3 Qc7 6. h3 Nf6 7. Ne2 e6 8. Bf4
Bd6 9. Bxd6 Qxd6 10. Nd2 O-O 11. O-O e5 12. dxe5 Nxe5 13. Bc2 Rd8 14. Nd4 Nc6
15. N2f3 a6 16. Re1 Bd7 17. Qd3 g6 18. Qe3 Re8 19. Qh6 Qf8 20. Qg5 Qg7 21. Bb3
Nxd4 22. cxd4 h6 23. Qf4 Be6 24. Rac1 Rac8 25. Rc7 g5 26. Qd6 g4 27. hxg4 Ne4
28. Qb6 Bxg4 29. Nh4 Rxc7 30. Qxc7 Qxd4 31. Qf4 Be6 32. Re3 Qf6 33. Rxe4 Qxf4
34. Rxf4 Rc8 35. Nf5 Rc1+ 36. Kh2 h5 37. Ne7+ Kf8 38. Nxd5 Rb1 39. Nc3 Re1 40.
Re4 Rc1 41. Bxe6 fxe6 42. Rxe6 Rc2 43. Rb6 Rxf2 44. Rxb7 Rc2 45. Rb6 Kf7 46.
Na4 Rc4 47. Rxa6 Ke7 48. Nc3 Kd7 49. Rb6 Rh4+ 50. Kg1 Rd4 51. a4 Rc4 52. Rb5 h4
53. a5 Rc7 54. a6 Kc8 55. Nd5 Rc1+ 56. Kh2 Ra1 57. Rb6 Ra5 58. Nc3 Kc7 59. Rh6
Kb8 60. b4 Ra3 61. Nd5 Rb3 62. Ne7 Ka7 63. b5 Ra3 64. Nc6+ Kb6 65. Rh5 h3 66.
gxh3 Ra2+ 67. Kg3 Ra3+ 68. Kf4 Ra4+ 69. Ke3 Ra3+ 70. Kd4 Ra1 71. Rh8 Kc7 72. a7
Rd1+ 73. Kc3 1-0

[Event "18th 4NCL Congress"]
[Site "Doncaster"]
[Date "2018.04.13"]
[Round "1"]
[Board "12"]
[White "Jacob, Sydney J"]
[Black "Ross, Stuart"]
[Result "1-0"]
[WhiteElo "1841"]
[BlackElo "1605"]
[PlyCount "139"]
[EventDate "2018.04.13"]
[EventRounds "5"]
[EventCountry "ENG"]

1. d4 Nf6 2. c4 g6 3. Nc3 d5 4. cxd5 Nxd5 5. Bd2 Bg7 6. e4 Nxc3 7. Bxc3 O-O 8.
Nf3 c5 9. d5 Bxc3+ 10. bxc3 Bg4 11. Be2 Nd7 12. O-O Bxf3 13. Bxf3 Ne5 14. Be2
f6 15. f4 Nf7 16. h4 Qd6 17. c4 e6 18. Bg4 f5 19. e5 Qe7 20. Bf3 exd5 21. Bxd5
Kg7 22. Bxf7 Rxf7 23. g3 Rd8 24. Qe2 Rd4 25. Rfd1 Qe6 26. Rxd4 cxd4 27. Rd1 Rd7
28. Kh2 h5 29. Qc2 Qc6 30. Qb3 Qe4 31. Qd3 Kf8 32. Kg1 Ke7 33. Kf2 Qc6 34. Rc1
Qc5 35. Rd1 Ke6 36. Kg2 Qc6+ 37. Kh2 Qe4 38. Rd2 Qe3 39. Kg2 Qe4+ 40. Kf2 Qc6
41. Qb3 Qc5 42. Qb5 b6 43. Qxc5 bxc5 44. Rb2 d3 45. Ke3 Rd4 46. Kd2 Rxc4 47.
Kxd3 Ra4 48. Kc3 Ra3+ 49. Kc4 Rxg3 50. Rd2 Rf3 51. Rd6+ Ke7 52. Rxg6 Rxf4+ 53.
Kxc5 Rxh4 54. Kd5 Rh2 55. Rg7+ Kf8 56. Rxa7 Rb2 57. Ke6 Rb6+ 58. Kxf5 Ke8 59.
a4 h4 60. Rh7 Rb4 61. a5 h3 62. Rxh3 Ra4 63. Ke6 Kf8 64. Rh8+ Kg7 65. Ra8 Rb4
66. a6 Rb5 67. Ra7+ Kf8 68. Rb7 Ra5 69. a7 Ra6+ 70. Kf5 1-0

[Event "18th 4NCL Congress"]
[Site "Doncaster"]
[Date "2018.04.13"]
[Round "1"]
[Board "13"]
[White "Nandi, Robin J"]
[Black "Oliver, Bruce R"]
[Result "1-0"]
[WhiteElo "1827"]
[BlackElo "1584"]
[PlyCount "59"]
[EventDate "2018.04.13"]
[EventRounds "5"]
[EventCountry "ENG"]

1. e4 g6 2. d4 Bg7 3. Nc3 c5 4. Nf3 cxd4 5. Nxd4 d6 6. Be3 Bd7 7. Qd2 Nc6 8.
O-O-O Nf6 9. f3 h5 10. Bc4 a6 11. Nd5 Rc8 12. Bb3 Ne5 13. Rhe1 O-O 14. h3 b5
15. Bg5 Nxd5 16. exd5 Bf6 17. Bxf6 exf6 18. Qh6 a5 19. Nc6 Bxc6 20. dxc6 Rxc6
21. Rxe5 fxe5 22. Qxg6+ Kh8 23. Bxf7 Rxc2+ 24. Kxc2 Qc7+ 25. Kb1 Qxf7 26. Qxf7
Rxf7 27. Rxd6 Rg7 28. Rh6+ Rh7 29. Re6 Rg7 30. Rxe5 1-0

[Event "18th 4NCL Congress"]
[Site "Doncaster"]
[Date "2018.04.14"]
[Round "2"]
[Board "1"]
[White "Bennett, Dominic L"]
[Black "Cawston, M John"]
[Result "1/2-1/2"]
[WhiteElo "1993"]
[BlackElo "1864"]
[PlyCount "48"]
[EventDate "2018.04.13"]
[EventRounds "5"]
[EventCountry "ENG"]

1. c4 c5 2. Nf3 Nc6 3. d4 cxd4 4. Nxd4 Nf6 5. Nc3 a6 6. g3 e6 7. Bg2 Bb4 8. Nc2
Bxc3+ 9. bxc3 Qa5 10. O-O O-O 11. Ba3 Re8 12. Bb4 Qe5 13. Bd6 Qxc3 14. Ne3 Qd4
15. c5 Qxd1 16. Rfxd1 a5 17. Nc4 Ra6 18. Na3 Kh8 19. Nb5 Rg8 20. Nc7 Ra7 21.
Nb5 Ra6 22. Nc7 Ra7 23. Nb5 Ra6 24. Nc7 Ra7 1/2-1/2

[Event "18th 4NCL Congress"]
[Site "Doncaster"]
[Date "2018.04.14"]
[Round "2"]
[Board "2"]
[White "Burrows, Nick"]
[Black "Jacob, Sydney J"]
[Result "1/2-1/2"]
[WhiteElo "1932"]
[BlackElo "1841"]
[PlyCount "53"]
[EventDate "2018.04.13"]
[EventRounds "5"]
[EventCountry "ENG"]

1. d4 e6 2. c4 d5 3. Nf3 Nf6 4. g3 c6 5. Bg2 Bd6 6. Nc3 O-O 7. Nd2 Nbd7 8. e4
dxe4 9. Ndxe4 Nxe4 10. Nxe4 Bb4+ 11. Nc3 e5 12. d5 cxd5 13. cxd5 Nf6 14. O-O
Bd7 15. Qb3 a5 16. a3 Bc5 17. Be3 Bxe3 18. fxe3 Ra6 19. e4 Qb6+ 20. Qxb6 Rxb6
21. Rab1 Rc8 22. Rfe1 g6 23. Bf1 Ne8 24. Bd3 Nd6 25. Kf2 Nc4 26. Bxc4 Rxc4 27.
Kf3 1/2-1/2

[Event "18th 4NCL Congress"]
[Site "Doncaster"]
[Date "2018.04.14"]
[Round "2"]
[Board "3"]
[White "Bielby, Paul R"]
[Black "Nandi, Robin J"]
[Result "0-1"]
[WhiteElo "1890"]
[BlackElo "1827"]
[PlyCount "96"]
[EventDate "2018.04.13"]
[EventRounds "5"]
[EventCountry "ENG"]

1. e4 e5 2. f4 exf4 3. Bc4 Nf6 4. Nc3 c6 5. e5 d5 6. exf6 dxc4 7. Qe2+ Be6 8.
Nh3 Qxf6 9. O-O Bc5+ 10. Kh1 O-O 11. Nxf4 Nd7 12. d3 cxd3 13. Nxd3 Qh4 14. Bf4
Bg4 15. Qd2 Rfe8 16. Rae1 h6 17. Ne4 Be7 18. Nd6 Bxd6 19. Bxd6 Nf6 20. Be7 Ne4
21. Rxe4 Rxe7 22. Ne5 Qg5 23. Qd6 Be6 24. Nf3 Qd5 25. Qxd5 cxd5 26. Re2 Rae8
27. Rfe1 Kf8 28. Nd4 Bg4 29. Rxe7 Rxe7 30. Rxe7 Kxe7 31. Kg1 Kd6 32. Kf2 Ke5
33. c3 Ke4 34. Nb5 Kd3 35. Nd6 Kc2 36. Ke3 Kxb2 37. Kd4 a5 38. Kxd5 a4 39. Kc5
Kxc3 40. Nxb7 a3 41. Nd6 Be2 42. Ne4+ Kb2 43. Kb4 Bd3 44. Nc3 f5 45. Nd1+ Kxa2
46. Kc3 Be4 47. g3 Kb1 48. Kb3 Bc2+ 0-1

[Event "18th 4NCL Congress"]
[Site "Doncaster"]
[Date "2018.04.14"]
[Round "2"]
[Board "4"]
[White "Heald, Carl"]
[Black "Ashcroft, Graham J"]
[Result "1/2-1/2"]
[WhiteElo "1833"]
[BlackElo "1885"]
[PlyCount "71"]
[EventDate "2018.04.13"]
[EventRounds "5"]
[EventCountry "ENG"]

1. Nf3 f5 2. d4 Nf6 3. g3 g6 4. Bg2 Bg7 5. h4 d6 6. c3 Nc6 7. Bg5 h6 8. Bxf6
Bxf6 9. Qb3 e6 10. Nbd2 O-O 11. e4 Kg7 12. Rd1 Qe7 13. Qa3 e5 14. dxe5 Bxe5 15.
O-O f4 16. Nxe5 Nxe5 17. c4 Be6 18. Qc3 Kh7 19. b3 Rf7 20. c5 Raf8 21. cxd6
cxd6 22. Nf3 fxg3 23. fxg3 Bg4 24. Nxe5 Rxf1+ 25. Rxf1 Rxf1+ 26. Bxf1 dxe5 27.
Qe3 b6 28. Bc4 h5 29. a4 Kg7 30. Kg2 Be6 31. Bxe6 Qxe6 32. Qd3 Qc6 33. Kf3 Qc1
34. Qd5 Qf1+ 35. Ke3 Qe1+ 36. Kf3 1/2-1/2

[Event "18th 4NCL Congress"]
[Site "Doncaster"]
[Date "2018.04.14"]
[Round "2"]
[Board "5"]
[White "Pink, Joshua"]
[Black "Walshaw, David"]
[Result "1/2-1/2"]
[WhiteElo "1881"]
[BlackElo "1685"]
[PlyCount "129"]
[EventDate "2018.04.13"]
[EventRounds "5"]
[EventCountry "ENG"]

1. d3 d6 2. f4 Nf6 3. Nf3 Nbd7 4. e4 e5 5. Be2 Be7 6. Nc3 c6 7. Be3 b5 8. Qd2
Ng4 9. Bg1 Qc7 10. Nxe5 Ngxe5 11. fxe5 dxe5 12. Be3 h6 13. O-O Nf8 14. Bh5 g6
15. Qf2 Be6 16. Be2 g5 17. Bh5 Rh7 18. Ne2 Rg7 19. Ng3 Ng6 20. Bxg6 Rxg6 21.
Nf5 Bxf5 22. Qxf5 Bd6 23. Rf3 g4 24. Rf2 Rb8 25. Raf1 Rb7 26. Qh5 Qd7 27. Rf5
Qe6 28. Kh1 a5 29. Bc5 Rd7 30. Bxd6 Qxd6 31. Rxe5+ Re7 32. Rff5 Rxe5 33. Rxe5+
Kf8 34. Qf5 Rf6 35. Qc8+ Kg7 36. Qxg4+ Rg6 37. Qh5 Qf6 38. Qf5 Qh4 39. Qf1 Rf6
40. Rf5 Rxf5 41. exf5 Qf6 42. c3 b4 43. d4 bxc3 44. bxc3 c5 45. Qf4 Qb6 46. f6+
Kg6 47. h4 cxd4 48. cxd4 Qb1+ 49. Kh2 Qxa2 50. Kh3 Qe6+ 51. Kh2 Qxf6 52. Qg4+
Kh7 53. Qe4+ Kg7 54. d5 Qd6+ 55. g3 a4 56. Qg4+ Kh7 57. Qe4+ Kg7 58. Qd4+ Kh7
59. Qd3+ Kg7 60. Qc3+ Qf6 61. Qd3 Qd6 62. Qd4+ Qf6 63. Qxa4 Qf2+ 64. Kh3 Qf1+
65. Kh2 1/2-1/2

[Event "18th 4NCL Congress"]
[Site "Doncaster"]
[Date "2018.04.14"]
[Round "2"]
[Board "6"]
[White "Clarke, Paul Rh"]
[Black "Cohen, Gerald M"]
[Result "1/2-1/2"]
[WhiteElo "1731"]
[BlackElo "1941"]
[PlyCount "132"]
[EventDate "2018.04.13"]
[EventRounds "5"]
[EventCountry "ENG"]

1. d4 Nf6 2. Bf4 d6 3. Nf3 g6 4. h3 Bg7 5. e3 O-O 6. Nbd2 Nbd7 7. Be2 Re8 8.
O-O b6 9. c3 Bb7 10. Re1 e5 11. dxe5 dxe5 12. Bg5 h6 13. Bh4 c5 14. Nc4 Re6 15.
Nd6 Bd5 16. Nc4 Bc6 17. Nh2 g5 18. Bg3 Ne4 19. Bg4 Re7 20. Bf3 Qc7 21. Bxe4
Bxe4 22. f3 Bc6 23. e4 Rd8 24. Qc2 Nf6 25. Ne3 Nh5 26. Bf2 Nf4 27. Rad1 Red7
28. Rxd7 Rxd7 29. Rd1 b5 30. Nf5 c4 31. Ng4 h5 32. Ngh6+ Kh7 33. Nxg7 Kxg7 34.
Nf5+ Kf6 35. Be3 a6 36. Bxf4 gxf4 37. Rxd7 Bxd7 38. Qf2 Bxf5 39. Qh4+ Kg6 40.
exf5+ Kxf5 41. Qxh5+ Ke6 42. Qg4+ Ke7 43. h4 Qb6+ 44. Kh2 Qg6 45. Qh3 Qh5 46.
Kg1 f5 47. g4 fxg3 48. Qxg3 Kf6 49. Qf2 f4 50. Kf1 Kf5 51. Qc2+ Kf6 52. Qf2 Kg6
53. Qb6+ Kf5 54. Qf2 Kg6 55. Qg2+ Kf6 56. Qf2 Qf5 57. Qb6+ Kg7 58. Qg1+ Kh6 59.
Qg8 Qh3+ 60. Ke2 Qh2+ 61. Kd1 Qh1+ 62. Kd2 Qxf3 63. Qg5+ Kh7 64. Qe7+ Kg6 65.
Qg5+ Kf7 66. Qf5+ Kg8 1/2-1/2

[Event "18th 4NCL Congress"]
[Site "Doncaster"]
[Date "2018.04.14"]
[Round "2"]
[Board "8"]
[White "Bowman, Richard L"]
[Black "Turner, Tim M"]
[Result "0-1"]
[WhiteElo "1802"]
[BlackElo "1915"]
[PlyCount "78"]
[EventDate "2018.04.13"]
[EventRounds "5"]
[EventCountry "ENG"]

1. b3 d5 2. Bb2 Nf6 3. e3 Bf5 4. c4 e6 5. cxd5 exd5 6. Nf3 Nbd7 7. Nc3 c6 8. d4
Bd6 9. Bd3 Bxd3 10. Qxd3 O-O 11. O-O Qe7 12. Rfe1 Ne4 13. h3 f5 14. a4 Rf7 15.
Qc2 Raf8 16. Qc1 g5 17. Re2 g4 18. Ne5 Bxe5 19. dxe5 gxh3 20. e6 Qxe6 21. Nxe4
fxe4 22. Qc3 Nf6 23. f4 exf3 24. gxf3 Rg7+ 25. Kh1 Rff7 26. e4 dxe4 27. Rd1 Qe7
28. Qc4 Rg2 29. Rg1 Rxg1+ 30. Kxg1 Kf8 31. fxe4 Nh5 32. Qc1 Ke8 33. Qh6 Nf4 34.
Rf2 Qxe4 35. Kh2 Nd3 36. Rd2 Nxb2 37. Qd6 Qf4+ 38. Qxf4 Rxf4 39. Rxb2 Rf3 0-1

[Event "18th 4NCL Congress"]
[Site "Doncaster"]
[Date "2018.04.14"]
[Round "2"]
[Board "9"]
[White "May, Paul"]
[Black "Robinson, Brian"]
[Result "1-0"]
[WhiteElo "1766"]
[BlackElo "1597"]
[PlyCount "55"]
[EventDate "2018.04.13"]
[EventRounds "5"]
[EventCountry "ENG"]

1. d4 Nf6 2. c4 e6 3. Nc3 d5 4. Bg5 h6 5. Bh4 Be7 6. c5 c6 7. e3 Nbd7 8. Nf3
O-O 9. Bd3 b6 10. b4 a5 11. a3 Re8 12. h3 Ba6 13. O-O Bxd3 14. Qxd3 Ra7 15. Bg3
Qa8 16. Qb1 Qb7 17. Rc1 Rea8 18. bxa5 Rxa5 19. a4 b5 20. Nxb5 cxb5 21. c6 Qa7
22. cxd7 Bd8 23. Ne5 Rxa4 24. Rxa4 Qxa4 25. Rc8 Qa6 26. Rxa8 Qxa8 27. Qxb5 Be7
28. Qc6 1-0

[Event "18th 4NCL Congress"]
[Site "Doncaster"]
[Date "2018.04.14"]
[Round "2"]
[Board "10"]
[White "Winter, Kevin"]
[Black "Burns, Martin J"]
[Result "0-1"]
[WhiteElo "1773"]
[BlackElo "1901"]
[PlyCount "142"]
[EventDate "2018.04.13"]
[EventRounds "5"]
[EventCountry "ENG"]

1. e4 e6 2. d4 d5 3. Nd2 Nf6 4. e5 Nfd7 5. Bd3 c5 6. c3 b6 7. Ne2 Ba6 8. Nf3
Bxd3 9. Qxd3 Nc6 10. a3 Be7 11. O-O Qc7 12. b4 h6 13. h4 c4 14. Qd1 O-O-O 15.
a4 Rdg8 16. Be3 g5 17. h5 f5 18. exf6 Nxf6 19. b5 Na5 20. Ne5 Bd6 21. Ng3 Rh7
22. Re1 Bxe5 23. dxe5 Nd7 24. Bd4 Rf7 25. Re2 Nc5 26. Bxc5 Qxc5 27. Raa2 Rgf8
28. Qc2 Rg7 29. Nf1 Rf4 30. g3 Rf3 31. Kg2 Rd3 32. Rd2 Rxd2 33. Qxd2 Nb3 34.
Qd1 Qc7 35. Re2 Nc5 36. Ne3 g4 37. Nc2 Ne4 38. Qd4 Rg5 39. Nb4 Qxe5 40. Qxe5
Rxe5 41. Nc6 Rxh5 42. Nxa7+ Kd7 43. Nc6 Nxc3 44. Re1 Kd6 45. Nd8 Ne4 46. f4
gxf3+ 47. Kxf3 Rf5+ 48. Kg2 Rf8 49. Nc6 Rg8 50. Re3 c3 51. Nb4 Ra8 52. Na6 Rc8
53. Re1 Rc4 54. a5 bxa5 55. b6 Kc6 56. Rb1 Kb7 57. Nc7 c2 58. Rc1 Nc5 59. Ne8
Kxb6 60. Nd6 Rc3 61. Nc8+ Kc7 62. Na7 Kb6 63. Nc8+ Kb5 64. Nd6+ Kc6 65. Nf7 Nb3
66. Ne5+ Kd6 67. Nf7+ Ke7 68. g4 Kxf7 69. Rf1+ Ke7 70. g5 hxg5 71. Rf7+ Kxf7
 0-1

[Event "18th 4NCL Congress"]
[Site "Doncaster"]
[Date "2018.04.14"]
[Round "2"]
[Board "11"]
[White "Procter, Colin S"]
[Black "Whitehead, Mark A"]
[Result "1/2-1/2"]
[WhiteElo "1764"]
[BlackElo "1898"]
[PlyCount "50"]
[EventDate "2018.04.13"]
[EventRounds "5"]
[EventCountry "ENG"]

1. d4 Nf6 2. Bf4 d6 3. Nc3 c6 4. e4 Qa5 5. Bd3 e5 6. dxe5 dxe5 7. Bd2 Qc7 8.
Nf3 Be7 9. O-O O-O 10. h3 Nbd7 11. Re1 Nc5 12. Bf1 Bd7 13. Bg5 Rad8 14. Bxf6
Bxf6 15. Qc1 Ne6 16. Ne2 Bc8 17. c3 b6 18. Qc2 Ba6 19. Ng3 Bxf1 20. Kxf1 Ng5
21. Nxg5 Bxg5 22. Rad1 g6 23. Rxd8 Rxd8 24. Rd1 Kg7 25. Ne2 Rxd1+ 1/2-1/2

[Event "18th 4NCL Congress"]
[Site "Doncaster"]
[Date "2018.04.14"]
[Round "2"]
[Board "12"]
[White "Livesey, R  Nigel"]
[Black "Slinger, Aj (Tony)"]
[Result "1-0"]
[WhiteElo "1748"]
[BlackElo "1869"]
[PlyCount "45"]
[EventDate "2018.04.13"]
[EventRounds "5"]
[EventCountry "ENG"]

1. c4 e6 2. Nf3 d5 3. g3 Nf6 4. Bg2 Be7 5. O-O O-O 6. d4 c6 7. Qc2 Ne4 8. b3 f5
9. Bb2 Nd7 10. Ne1 Ndf6 11. f3 Nd6 12. Nd2 Qe8 13. Nd3 Qh5 14. Ba3 g5 15. e4
fxe4 16. fxe4 dxe4 17. Nxe4 Nfxe4 18. Bxe4 Re8 19. Bf3 Qh6 20. Qe2 Nf5 21. Bb2
Rd8 22. d5 Bc5+ 23. Nxc5 1-0

[Event "18th 4NCL Congress"]
[Site "Doncaster"]
[Date "2018.04.14"]
[Round "2"]
[Board "13"]
[White "Hilton, Tim"]
[Black "Holi, Siefaldin A"]
[Result "1-0"]
[WhiteElo "1867"]
[BlackElo "1747"]
[PlyCount "62"]
[EventDate "2018.04.13"]
[EventRounds "5"]
[EventCountry "ENG"]

1. c4 Nf6 2. g3 e6 3. Bg2 Nc6 4. Nf3 Be7 5. O-O O-O 6. b3 e5 7. Bb2 d6 8. d4 e4
9. Ne1 Bf5 10. Nd2 Qd7 11. Nc2 Bh3 12. Ne3 Bxg2 13. Kxg2 Rfe8 14. a3 Rad8 15.
b4 h5 16. b5 Nb8 17. a4 Ng4 18. Nd5 c6 19. Nxe7+ Rxe7 20. e3 Qf5 21. h3 Nh6 22.
Qe2 Rde8 23. a5 Nd7 24. a6 cxb5 25. axb7 bxc4 26. Nxc4 Qb5 27. Ra5 Qxb7 28.
Rfa1 Qc6 29. d5 Qc7 30. Rxa7 Qb8 31. R1a6 Nf8 {scoresheet illegible} 1-0